| 000 | nam a22 7a 4500 | ||
|---|---|---|---|
| 999 |
_c20396 _d20396 |
||
| 008 | 170119b xxu||||| |||| 00| 0 eng d | ||
| 020 | _a9780538733540 | ||
| 050 | _aQA 154.2 .K38 2011 | ||
| 100 |
_aKaufmann, Jerome E. _d2011 |
||
| 245 |
_aAlgebra for college students/ _cJerome E. Kaufmann, Karen L. Schwitters. |
||
| 250 | _a9th ed. | ||
| 260 |
_aUnited Kingdom: _bBrooks/Cole, _c2011. |
||
| 300 |
_axv, 803p.: _bill.; _c28cm. |
||
| 521 | _aIncludes indexes. | ||
| 650 | _aAlgebra. | ||
| 700 | _aSchwitters, Karen L. | ||
| 942 |
_2lcc _cBOOKS _hQA 154.2 .K38 2011 |
||